000 00808nam a22002777a 4500
001 BR9405521
003 BR-BrBNA
005 20230928094324.0
007 ta
008 230509b bl.||||| |||| 00| 0 por d
040 _aBR-BrBNA
_bpor
_cBiblioteca Nacional de Agricultura
041 _a(Por)
072 _aE11
090 _ E11 BR9405521
100 1 _aFearnside, P.M.
110 1 _aConselho Nacional de Desenvolvimento Cientifico e Tecnologico, Brasilia, DF (Brasil)
245 1 _aA ocupacao humana de Rondonia, impactos, limites e planejamento
260 3 _aBrasilia, DF (Brasil):
_c1989.
300 _a76 p.
500 _aBibliography p. 71-76 (121 ref.)
650 _aAssentamento
650 _aDesmatamento
650 _aRondonia
909 _a202309
_bLucia
_c55
_dLucia Elande
942 _cBK
999 _c50052
_d50052